[Event "Minsk op"]
[Site "Minsk"]
[Date "2023.11.09"]
[Round "7"]
[White "Krauchuk, Volha"]
[Black "Halavan, Ihar"]
[Result "1/2-1/2"]
[WhiteElo "1600"]
[BlackElo "1172"]
[PlyCount "120"]
[EventDate "2023.11.03"]
[EventType "swiss"]
[EventRounds "9"]
[EventCountry "BLR"]
[SourceTitle "CB46_2023"]
[SourceDate "2023.11.15"]
[SourceVersion "1"]
[SourceVersionDate "2023.11.15"]
[SourceQuality "1"]

1. e4 c5 2. Nf3 d6 3. c3 g6 4. d4 cxd4 5. cxd4 Bg7 6. h3 Nf6 7. Nc3 0-0 8. Bd3 Nbd7 9. a3 Nb6 10. d5 Nfd7 11. 0-0 Nc5 12. Rb1 Bd7 13. Bc2 Rc8 14. Ne2 Bb5 15. Re1 Qc7 16. Ned4 Ba6 17. b4 Ncd7 18. b5 Bxb5 19. Rxb5 Ne5 20. Re2 Qc4 21. Rb4 Qc5 22. Be3 Qc3 23. Nb5 Nxf3+ 24. gxf3 Qf6 25. Kg2 a5 26. Rd4 Qh4 27. e5 Qh5 28. Rg4 Nc4 29. exd6 exd6 30. Bf4 f5 31. Rg3 Rcd8 32. Nd4 Rde8 33. Ne6 Nb2 34. Qc1 Qh4 35. Bg5 Qc4 36. Rd2 Bc3 37. Nxf8 Kxf8 38. Bxf5 gxf5 39. Bh6+ Kf7 40. Be3 Bxd2 41. Qxd2 Nd3 42. Kh2 f4 43. Rg4 fxe3 44. fxe3 Qxd5 45. Rd4 Qe5+ 46. f4 Qxe3 47. Rxd3 Qxd2+ 48. Rxd2 Re6 49. f5 Rf6 50. Kg3 Rxf5 51. Rxd6 Rb5 52. Rd7+ Kg6 53. a4 Rb4 54. h4 b6 55. Rb7 h6 56. Kh3 Rb3+ 57. Kg2 Rb4 58. Kh3 Rxa4 59. Rxb6+ Kg7 60. Rb7+ Kg6 1/2-1/2